000 03690nam a2200337 a 4500
001
003 OSt
005 20230602125433.0
007 ta
008 100322s2016 dr a 000 0 spa d
020 _a9789945590432
040 _aBPMSU
_bspa
_cBPMSU
082 _a027.4
_bJ82c
_222
111 2 _aJornada del Conocimiento Bilbioteca Juan Bosch
_n(1 :
_d2014 :
_cSanto Domingo)
_g
245 0 4 _aLos centros de información :
_bmotores del cambio que transforman vidas /
_ceditora Aida Montero.
260 _aSanto Domingo :
_bFUNGLODE ;
_bBiblioteca Juan Bosch,
_c2016.
300 _a202 p. :
_bil. ;
_c24 cm.
490 0 _aBibliotecología
500 _aIncluye referencias bibliográficas y notas al pie de las páginas.
504 _aIncluye bibliografía
505 0 _aIntroducción --
_tDiscurso de apertura: Centros de información: motores que transforman vidas /
_rAida Montero
_tPanel "La responsabilidad social de las bibliotecas públicas en apoyo de las comunidades". Biblioteca Pública Juan Sánchez Lamouth: un modelo de trabajo cooperativo basado en la pasión y la vocación social /
_rDionicio de Jesús Peña
_tLa biblioteca del Centro Cultural Mauricio Báez: una apuesta por el desarrollo humano /
_rCésar Leonardo Heredia Guerra
_tLa Biblioteca Infantil y Juvenil República Dominicana. Un modelo de animación a la lectura /
_rDulce Elvira de los Santos
_tLa biblioteca del Ateneo Amantes de la Luz, Inc. Una iniciativa privada de acceso público con 140 años de historia /
_rCarmen Pérez Valerio
_tVisión crítica del presente y futuro de las bibliotecas públicas dominicanas como agentes transformadores del cambio /
_rCélida Cointa Álvarez Armenteros
_tPanel "Experiencias transformadoras a través del libro, la lectura y las bibliotecas"
_tLas bibliotecas comunitarias: una propuesta innovadora en la transformación de las comunidades. El caso de los CTC /
_rTeresa Peralta
_t Mi barrio en letras: un fenómeno literario y cultural transformador /
_rYsabel Florentino y Ramón Aníbal Mesa
_tPanel "Bibliotecas universitarias y especializadas"
_tEl Sistema Nacional de Bibliotecas Judiciales (SINABIJ): del servicio disgregado al servicio integrado /
_rDilenia Lorenzo
_t Biblioteca Pedro Mir. Su impacto transformador en la comunidad académica /
_rJocelyn Polanco
_tBiblioteca Juan Bosch: una "Biblioteca Viva" que transforma a la comunidad /
_rIzaskun Herrojo Salas
_tEl rol de las bibliotecas universitarias desde la perspectiva de la Asociación de Bibliotecas Universitarias Dominicanas (ABUD) /
_rEloísa Marrero Sera, MsC
_tPanel "El papel de la cooperación internacional en el desarrollo de las bibliotecas"
_tLa incidencia de la cooperación en el desarrollo de las bibliotecas dominicanas. Caso: Fundación Apoyo al Desarrollo de las Bibliotecas (Fundebido) /
_rBelka Villar
_tImpacto comunitario de los servicios de la Biblioteca del Centro Cultura de España /
_rRicardo Vérgez-Vanderhorst
_tInnovaciones en las bibliotecas para el desarrollo internacional: mirando hacia el exterior para el avance de la comunidad con necesidades críticas /
_rValarie Hunsinger
_tDiscurso de clausura. Aida Montero
_tConferencia magistral: El derecho a las bibliotecas: una declaración /
_rCourtney Young.
590 _aInventariado, 2020/VM
650 7 _aBibliotecas públicas
_zRepública Dominicana
_vCongresos, conferencias, etc.
650 4 _aCentros de documentación
_zRepública Dominicana
_vCongresos, conferencias, etc.
_x
650 4 _aSociedad de la información
_vCongresos, conferencias, etc.
700 1 _aMontero, Aida
_eed.
710 2 _aFundación Global Democracía y Desarrollo
910 _aVMateo
942 _2ddc
_cBK
956 _a
999 _c13560
_d13560